000 00774nam a2200241Ia 4500
001 dia_1164
003 CHAP
005 20230120110524.0
008 220117s1970 xx 000 0 und d
010 _a171711
040 _cCHAP
082 _a510 A9
100 _aAyres, Frank
_99021
245 _aTeoría y Problemas de Fundamentos de Matemáticas Superiores; Algebra Trigonometría Plana y Geometría Analítica Plana y del Espacio, Introducción al Cálculo /
_c por Frank Ayres
260 _aMéxico. Mcgraw-Hill
_c1970
300 _a439 p.
400 _aSERIE DE COMPENDIOS SHAUM
600 _a1.Matemáticas. i.t.
_9150185
901 _a510 A9
902 _aM
905 _a0000001970 MX X 0000000000SPA00
942 _cLIBRO
_2ddc
999 _c171711
_d171711